000 00642nam a2200205Ia 4500
001 L500-25743
003 IT-CnALBA
008 170116s9999||||xx |||||||||||||| ||und||
040 _aIT-CnALBA
_cIT-CnALBA
041 _aITALIANO
100 _aTRICERRI DOMENICO, OP.
245 0 _aARMONIE E MERAVIGLIE DELLA NATURA.
250 _a1a ed.
260 _aCINISELLO BALSAMO (MI)
_bEDIZIONI PAOLINE
_c1951 [1° Ed.:1951]
300 _a259 p.
501 _aSocietà San Paolo EM - Piazza San Paolo, 14 - 12051 ALBA (CN) (non commercial uses only) ® Copyright 2017
650 _aSCIENZE PURE IN GENERE
942 _cBK
957 _71
999 _a30530
_bNO
_g Copie: 1
_c284856
_d284856